Statistiques concernant Anagrammes aléatoires de Pokémon

Cliquez ici pour prendre le quiz!

Statistiques générales

  • Ce quiz a été pris 28 614 fois
  • Le résultat moyen est 9 sur 20

Statistiques - réponses

Pokémon% Correct
Abo
94%
Mew
91%
Abra
88%
Onix
83%
Doduo
81%
Smogo
81%
Smogogo
79%
Evoli
78%
Rattata
78%
Akwakwak
77%
Mewtwo
77%
Alakazam
75%
Psykokwak
75%
Mélofée
74%
Arbok
72%
Ptéra
72%
Kadabra
70%
Magmar
69%
Rattatac
69%
Rondoudou
68%
Galopa
67%
Pyroli
67%
Pikachu
65%
Paras
64%
Dodrio
63%
Goupix
63%
Têtarte
61%
Grotadmorv
59%
Mélodelfe
59%
Stari
59%
Bulbizarre
58%
Elektek
57%
Machoc
57%
Ponyta
57%
Roucool
57%
Tadmorv
57%
Aquali
55%
Draco
54%
Voltali
53%
Noadkoko
52%
Staross
52%
Krabby
51%
Piafabec
51%
Kabuto
50%
Salamèche
50%
Tygnon
50%
Dracaufeu
49%
Grodoudou
49%
Nidorino
49%
Rhinoféros
49%
Grolem
48%
Kicklee
48%
Nidoking
48%
Sulfura
48%
Dardargnan
47%
Magnéti
47%
Métamorph
47%
Nidorina
47%
Coconfort
46%
Herbizarre
46%
Porygon
46%
Ronflex
45%
Saquedeneu
45%
Arcanin
44%
Lokhlass
44%
Miaouss
44%
Tartard
44%
Voltorbe
44%
Rhinocorne
43%
Carapuce
42%
Kangourex
41%
Kokiyas
41%
Noeunoeuf
41%
Lippoutou
40%
Mimitoss
40%
Tortank
40%
Magnéton
38%
Otaria
38%
Excelangue
37%
Feunard
37%
Ptitard
37%
Rafflésia
37%
Raichu
37%
Roucoups
37%
Flagadoss
36%
Carabaffe
35%
Férosinge
35%
Florizarre
35%
Gravalanch
34%
Nidoqueen
34%
Chrysacier
33%
Magicarpe
33%
Poissirène
33%
Poissoroy
32%
Tauros
32%
Kabutops
31%
Papilusion
31%
Ramoloss
31%
Aspicot
30%
Mystherbe
30%
Nosferapti
30%
Rapasdepic
30%
Sabelette
30%
Caninos
29%
Krabboss
29%
Ectoplasma
28%
Nosferalto
28%
Chenipan
27%
Chétiflor
27%
Soporifik
27%
Spectrum
27%
Ortide
26%
Amonita
25%
Boustiflor
25%
Mackogneur
25%
Taupiqueur
25%
Crustabri
23%
Artikodin
22%
Electhor
22%
Electrode
22%
Canarticho
21%
Hypocéan
21%
Léviator
21%
Reptincel
21%
Fantominus
20%
Ossatueur
20%
Persian
20%
Hypotrempe
19%
Scarabrute
19%
Triopikeur
19%
Colossinge
18%
Dracolosse
18%
Hypnomade
18%
Insécateur
18%
Amonistar
17%
Leveinard
17%
Parasect
17%
Roucarnage
17%
Tentacruel
17%
Lamantine
15%
Machopeur
14%
Tentacool
14%
Racaillou
13%
Sablaireau
13%
Aéromite
12%
Osselait
12%
Empiflor
10%
Minidraco
9%

Distribution des résultats

Percentile par nombre de réponses

% des personnes avec chaque résultat

Votre développement - résultats

Vous n’avez pas pris ce quiz